[Event "POHÁR města Říčany 2024"]
[Site "Městské kulturní středisko U labutě"]
[Date "2024.06.29"]
[Round "1.1"]
[White "Burdalev, Kirill"]
[Black "Pavlicek, Petr"]
[Result "1-0"]
[WhiteElo "2348"]
[BlackElo "1904"]
[WhiteFideId "14121913"]
[BlackFideId "325163"]
[PlyCount "0"]
[EventDate "2024.06.29"]

1. d4 d5 2. c4 e6 3. Nf3 Nf6 4. g3 Be7 5. Bg2 Nbd7 6. O-O O-O 7. Qc2 Ne4 8. b3
Re8 9. Ne1 f5 10. Nd3 Bf6 11. Bb2 c6 12. Rd1 g5 13. f3 Nd6 14. Nf2 Nf8 15. e4
Nf7 16. Nc3 Ng6 17. Rac1 dxc4 18. bxc4 Qa5 19. d5 f4 20. e5 Bxe5 21. Nce4 exd5
22. cxd5 cxd5 23. Nf6+ Bxf6 24. Bxf6 Bd7 25. Bc3 Qa6 26. Qd2 Qd6 27. Ng4 Bxg4
28. fxg4 fxg3 29. Bxd5 Qf4 30. Rf1 1-0

[Event "POHÁR města Říčany 2024"]
[Site "Městské kulturní středisko U labutě"]
[Date "2024.06.29"]
[Round "1.2"]
[White "Cabela, Filip"]
[Black "Kulhanek, Tomas"]
[Result "1/2-1/2"]
[WhiteElo "1903"]
[BlackElo "2319"]
[WhiteFideId "23753552"]
[BlackFideId "309656"]
[PlyCount "0"]
[EventDate "2024.06.29"]

1. e4 e6 2. d4 d5 3. e5 c5 4. c3 Qb6 5. Nf3 Nc6 6. Bd3 cxd4 7. cxd4 Bd7 8. O-O
Nxd4 9. Nbd2 Nxf3+ 10. Nxf3 Ne7 11. Be3 Qd8 12. Rc1 Nc6 13. h4 h6 14. a3 Be7
15. h5 a6 16. Re1 b5 17. Bb1 Qb8 18. Rxc6 Bxc6 19. Nd4 Bd7 20. f4 Qb7 21. Qg4
O-O-O 22. Qxg7 Rdf8 23. f5 Kb8 24. Rc1 exf5 25. e6 Bxe6 26. Bf4+ Ka8 27. Rc7 Qb6
28. Rxe7 Rc8 29. Ba2 Rhg8 30. Qe5 Qc5 31. b4 Qxe7 32. Bxd5+ Bxd5 33. Qxe7 Rxg2+
34. Kf1 Ra2 35. Qd6 Bg2+ 36. Kg1 Bb7 37. Nb3 Rg8+ 38. Kf1 Bg2+ 39. Ke1 Bb7
40. Bh2 Re8+ 41. Be5 Rxa3 42. Nc5 Re3+ 43. Kd2 R3xe5 44. Nxb7 Re2+ 45. Kc1 Re1+
46. Kd2 R1e2+ 47. Kd3 R8e3+ 48. Kd4 Re4+ 49. Kd3 R2e3+ 50. Kc2 Re2+ 51. Kd3
1/2-1/2

[Event "POHÁR města Říčany 2024"]
[Site "Městské kulturní středisko U labutě"]
[Date "2024.06.29"]
[Round "1.3"]
[White "Walek, Petr"]
[Black "Madle, Robin"]
[Result "1-0"]
[WhiteElo "2294"]
[BlackElo "1889"]
[WhiteFideId "339393"]
[BlackFideId "393886"]
[PlyCount "0"]
[EventDate "2024.06.29"]

1. e4 c5 2. Nf3 d6 3. d4 cxd4 4. Nxd4 Nf6 5. Nc3 g6 6. Be3 Bg7 7. f3 O-O 8. Qd2
Nc6 9. g4 Qa5 10. Nb3 Qc7 11. g5 Nh5 12. Nd5 Qd8 13. O-O-O a6 14. Bb6 Qd7
15. Nc7 Rb8 16. Na5 Be5 17. Nd5 e6 18. Nf6+ Nxf6 19. gxf6 Bxf6 20. Bg2 Bd8
21. Nc4 d5 22. Bc5 Be7 23. Qf2 Bxc5 24. Qxc5 Rd8 25. Nb6 Qe7 26. Qxe7 Nxe7
27. Rd2 Nc6 28. Rhd1 d4 1-0

[Event "POHÁR města Říčany 2024"]
[Site "Městské kulturní středisko U labutě"]
[Date "2024.06.29"]
[Round "1.4"]
[White "Cervenka, Petr"]
[Black "Vojta, Jakub"]
[Result "0-1"]
[WhiteElo "1874"]
[BlackElo "2266"]
[WhiteFideId "312444"]
[BlackFideId "382515"]
[PlyCount "0"]
[EventDate "2024.06.29"]

1. e4 c5 2. Nc3 Nc6 3. g3 g6 4. Bg2 Bg7 5. f4 Rb8 6. d3 b5 7. e5 Nd4 8. Be3 d6
9. exd6 Qxd6 10. Ne4 Qc7 11. c3 Ne6 12. Nf3 Nf6 13. f5 gxf5 14. Neg5 Nd5
15. Nxe6 Bxe6 16. Bd2 f4 17. Ng5 Qe5+ 18. Ne4 fxg3 19. hxg3 h5 20. O-O h4
21. Bf4 Nxf4 22. gxf4 Qf5 23. Ng5 h3 24. Bc6+ Bd7 25. Qf3 Rh4 26. Kh1 Bxc6
27. Qxc6+ Kf8 28. Rae1 Rxf4 29. Rxf4 Qxf4 30. Qxc5 Bf6 31. Nh7+ Kg8 32. Qh5 Bg7
33. Ng5 Qf5 34. Rg1 Rb6 35. Qe2 h2 36. Rg2 Rg6 37. Nf3 Re6 38. Qd1 Re3 39. Nh4
Qe5 40. Nf3 Qd5 41. Nd4 Rg3 42. Qe2 Bxd4 43. cxd4 Qxg2+ 44. Qxg2 Rxg2 45. Kxg2
Kg7 46. Kxh2 Kf6 47. Kg3 Ke6 48. Kf4 Kd5 49. Ke3 b4 50. b3 a5 0-1

[Event "POHÁR města Říčany 2024"]
[Site "Městské kulturní středisko U labutě"]
[Date "2024.06.29"]
[Round "1.5"]
[White "Petr, Jakub"]
[Black "Kalvach, Ladislav"]
[Result "1-0"]
[WhiteElo "2235"]
[BlackElo "1873"]
[WhiteFideId "371718"]
[BlackFideId "317284"]
[PlyCount "0"]
[EventDate "2024.06.29"]

1. d4 Nf6 2. Nf3 e6 3. c4 Bb4+ 4. Bd2 Be7 5. Nc3 d5 6. cxd5 exd5 7. Bg5 Nbd7
8. e3 O-O 9. Qc2 Re8 10. Bd3 h6 11. Bf4 c6 12. O-O Nf8 13. h3 Bd6 14. Bxd6 Qxd6
15. Rab1 Be6 16. Rfc1 Rac8 17. b4 b5 18. e4 dxe4 19. Nxe4 Nxe4 20. Bxe4 Bd5
21. Ne5 Ne6 22. Bh7+ Kf8 23. Re1 Nxd4 24. Nd7+ Qxd7 25. Qc5+ 1-0

[Event "POHÁR města Říčany 2024"]
[Site "Městské kulturní středisko U labutě"]
[Date "2024.06.29"]
[Round "1.6"]
[White "Rubin, Andrej"]
[Black "Jun, Rudolf"]
[Result "0-1"]
[WhiteElo "1853"]
[BlackElo "2232"]
[WhiteFideId "23751738"]
[BlackFideId "376612"]
[PlyCount "0"]
[EventDate "2024.06.29"]

1. e4 c5 2. c3 Nf6 3. e5 Nd5 4. d4 cxd4 5. Nf3 e6 6. cxd4 d6 7. Bc4 Nc6 8. O-O
Be7 9. a3 O-O 10. Re1 a6 11. Qc2 Bd7 12. Nc3 Nxc3 13. Qxc3 Rc8 14. Qd3 Na5
15. Ba2 Bb5 16. Qe4 d5 17. Qg4 Bd3 18. Bb1 Bxb1 19. Rxb1 Kh8 20. Qh5 Qd7 21. Bg5
Nc4 22. Red1 f6 23. exf6 gxf6 24. Bh6 Rg8 25. b3 Nd6 26. Re1 Nf5 27. a4 Rg6
28. Bf4 Rcg8 29. g3 Bd6 30. Bxd6 Nxd6 31. Nh4 Rg4 32. Rbd1 R8g5 33. Qh6 Qe7
34. Nf3 Rg8 35. Qe3 Re4 36. Qd3 Qf7 37. Nd2 Reg4 38. Qe3 Re8 39. h3 Nf5 40. Qc3
Rgg8 41. Kh2 Qd7 42. Nf3 Rc8 43. Qd3 Qd6 44. Rg1 Rc6 45. Qd2 b5 46. axb5 axb5
47. Kh1 Qc7 48. Qe2 Nd6 49. Nd2 Nf5 50. Nf3 Rc3 51. Rd3 Rxd3 52. Qxd3 b4 53. Qe2
Qc3 54. Qxe6 Qxf3+ 55. Rg2 Nh4 56. Qxg8+ Kxg8 57. gxh4+ Kf7 58. Kh2 Qxb3 59. Rg3
Qxg3+ 0-1

[Event "POHÁR města Říčany 2024"]
[Site "Městské kulturní středisko U labutě"]
[Date "2024.06.29"]
[Round "1.7"]
[White "Hlavina, Matous"]
[Black "Lizner, Milan"]
[Result "1-0"]
[WhiteElo "2231"]
[BlackElo "1847"]
[WhiteFideId "386650"]
[BlackFideId "324256"]
[PlyCount "0"]
[EventDate "2024.06.29"]

1. e4 c5 2. Nf3 Nc6 3. d4 cxd4 4. Nxd4 e5 5. Nb5 a6 6. Nd6+ Bxd6 7. Qxd6 Qf6
8. Qd1 Nge7 9. Nc3 Qg6 10. Be3 d5 11. Nxd5 Nxd5 12. Qxd5 Be6 13. Qc5 Qxe4
14. O-O-O Rc8 15. Bd3 Qd5 16. Qxd5 Bxd5 17. Bxa6 Bxg2 18. Bxb7 1-0

[Event "POHÁR města Říčany 2024"]
[Site "Městské kulturní středisko U labutě"]
[Date "2024.06.29"]
[Round "1.8"]
[White "Jirousek, Tadeas"]
[Black "Crha, Ondrej"]
[Result "0-1"]
[WhiteElo "1831"]
[BlackElo "2171"]
[WhiteFideId "382353"]
[BlackFideId "307220"]
[PlyCount "0"]
[EventDate "2024.06.29"]

1. d4 d5 2. Nf3 Nf6 3. e3 e6 4. Bd3 Bd6 5. O-O O-O 6. Nbd2 c5 7. b3 Nc6 8. a3
e5 9. dxc5 Bxc5 10. e4 Bg4 11. h3 Bh5 12. Bb2 Re8 13. Qe1 d4 14. Nh4 Nd7 15. Nf5
Nf8 16. b4 Bb6 17. Nc4 Bc7 18. b5 Ne7 19. g4 Bg6 20. Qb4 a5 21. Qb3 b6 22. a4
Ne6 23. Ba3 Bxf5 24. exf5 Ng5 25. Be2 Nd5 26. h4 Nc3 27. hxg5 Nxe2+ 28. Kh1 Qd5+
29. Kh2 e4+ 30. Kh3 Nf4+ 31. Kh4 e3 32. fxe3 dxe3 33. Rad1 Qg2 34. Rh1 Qf2# 0-1

[Event "POHÁR města Říčany 2024"]
[Site "Městské kulturní středisko U labutě"]
[Date "2024.06.29"]
[Round "1.9"]
[White "Topencik, Bruno"]
[Black "Ocelak, David"]
[Result "1-0"]
[WhiteElo "2070"]
[BlackElo "1815"]
[WhiteFideId "23716550"]
[BlackFideId "23728795"]
[PlyCount "0"]
[EventDate "2024.06.29"]

1. e4 e5 2. Nf3 Nf6 3. Nxe5 d6 4. Nf3 Nxe4 5. Nc3 d5 6. Be2 c6 7. O-O Bd6 8. d4
O-O 9. Nxe4 dxe4 10. Ng5 Bf5 11. f3 exf3 12. Nxf3 Nd7 13. c3 Qc7 14. Bd3 Bg6
15. Bxg6 hxg6 16. Qe1 Rfe8 17. Qh4 Nf8 18. Bd2 Be7 19. Qg4 Bf6 20. Rae1 Qd7
21. Qxd7 Nxd7 22. Bf4 Nb6 23. b3 Nd5 24. Bd2 b5 25. Kf2 Nb6 26. Rxe8+ Rxe8
27. Re1 Rxe1 28. Kxe1 Kf8 29. Ke2 Ke7 30. Kd3 Kd6 31. c4 Nd7 32. g4 a6 33. Bf4+
Ke6 34. Bc7 g5 35. Nd2 Be7 36. Ne4 g6 37. h3 f5 38. Nf2 Bf6 39. Nd1 Be7 40. Ne3
Nf6 41. Bb8 Bd8 42. Bh2 Be7 43. Bc7 Ne8 44. Be5 Bf6 45. Bb8 Be7 46. d5+ cxd5
47. Nxd5 Bd6 48. Bxd6 Kxd6 49. Kd4 Ng7 50. c5+ Kd7 51. Ke5 Kc6 52. b4 Ne8
53. gxf5 gxf5 54. Ne7+ Kd7 55. Nxf5 Nc7 56. Ne3 1-0

[Event "POHÁR města Říčany 2024"]
[Site "Městské kulturní středisko U labutě"]
[Date "2024.06.29"]
[Round "1.10"]
[White "Lavrincik, Pavel"]
[Black "Verner, Matej"]
[Result "0-1"]
[WhiteElo "1812"]
[BlackElo "2043"]
[WhiteFideId "320188"]
[BlackFideId "23729236"]
[PlyCount "0"]
[EventDate "2024.06.29"]

1. c4 e6 2. Nc3 d5 3. cxd5 exd5 4. d4 c5 5. dxc5 d4 6. Ne4 Qd5 7. Ng3 Bxc5
8. Nf3 Nf6 9. Qb3 Qd6 10. e3 Nc6 11. Bc4 O-O 12. Bd2 dxe3 13. fxe3 b5 14. Bxf7+
Rxf7 15. Ng5 Ne5 16. O-O-O Qd5 17. Qxd5 Nxd5 18. Nxf7 Kxf7 19. Rhf1+ Kg6 20. e4
Ne3 21. Bxe3 Bxe3+ 22. Kc2 Bg5 23. Rd6+ Bf6 24. b3 Bb7 25. Re1 Rc8+ 26. Kb1 Rc6
27. Nf5 Rxd6 28. Nxd6 Bc6 29. Rc1 Be7 30. Rxc6 Nxc6 31. Nxb5 Kg5 32. a4 Kf4
33. Nc3 Bb4 34. Kc2 Bxc3 35. Kxc3 Kxe4 36. b4 Kd5 37. b5 Na5 38. Kb4 Nc4 39. a5
h5 40. h4 g6 41. g3 Kd4 42. Ka4 Kc5 43. a6 Nd6 0-1

[Event "POHÁR města Říčany 2024"]
[Site "Městské kulturní středisko U labutě"]
[Date "2024.06.29"]
[Round "1.11"]
[White "Novotny, David"]
[Black "Hosova, Sandra"]
[Result "0-1"]
[WhiteElo "2034"]
[BlackElo "1808"]
[WhiteFideId "374083"]
[BlackFideId "397717"]
[PlyCount "0"]
[EventDate "2024.06.29"]

1. Nc3 c5 2. e4 Nc6 3. f4 d6 4. Bc4 Nf6 5. Nf3 Bg4 6. h3 Bxf3 7. Qxf3 Nd4
8. Qd3 a6 9. a4 e6 10. O-O Be7 11. e5 dxe5 12. fxe5 Nd7 13. Qg3 Nf5 14. Rxf5
exf5 15. Qxg7 Rf8 16. e6 fxe6 17. Bxe6 Nf6 18. d4 Qxd4+ 19. Kh1 Qe5 20. Nd5 Qe1+
21. Kh2 Bd6+ 22. Bf4 Qxe6 23. Qxb7 Qxd5 24. Re1+ Kd8 25. Qxd5 Nxd5 26. Bxd6 Re8
27. Rf1 Ne3 28. Rf2 Rc8 29. Kg3 Kd7 30. Bf4 Nd1 31. Rf1 Nxb2 32. Rb1 Nxa4
33. Rb7+ Kc6 34. Rxh7 Nc3 35. Rh6+ Kb5 36. Bd2 Ne2+ 37. Kf2 a5 38. c4+ Ka4
39. Ra6 Ra8 40. Rxa8 Rxa8 41. Kxe2 Kb3 42. Kf3 a4 43. Bh6 Rd8 44. Kf4 0-1

[Event "POHÁR města Říčany 2024"]
[Site "Městské kulturní středisko U labutě"]
[Date "2024.06.29"]
[Round "1.12"]
[White "Stork, Rostislav"]
[Black "Hejsek, Lukas"]
[Result "0-1"]
[WhiteElo "1808"]
[BlackElo "2029"]
[WhiteFideId "354988"]
[BlackFideId "393860"]
[PlyCount "0"]
[EventDate "2024.06.29"]

1. e4 c5 2. Nf3 Nc6 3. d4 cxd4 4. Nxd4 Nf6 5. Nc3 e5 6. Ndb5 d6 7. Bg5 a6
8. Na3 b5 9. Nd5 Be7 10. Nxe7 Nxe7 11. Qd3 Bb7 12. Bxf6 gxf6 13. O-O-O d5
14. exd5 Qxd5 15. Qxd5 Nxd5 16. Rg1 Ke7 17. c3 b4 18. cxb4 Nxb4 19. Kb1 Rhd8
20. Be2 Rxd1+ 21. Rxd1 Bxg2 22. Nc4 Be4+ 23. Kc1 Nxa2+ 24. Kd2 Nb4 25. Ke3 Bc6
26. Rg1 Rd8 27. f4 Nd5+ 28. Kf2 Nxf4 0-1

[Event "POHÁR města Říčany 2024"]
[Site "Městské kulturní středisko U labutě"]
[Date "2024.06.29"]
[Round "1.14"]
[White "Horyna, Josef"]
[Black "Novak, Jindrich"]
[Result "0-1"]
[WhiteElo "1805"]
[BlackElo "2010"]
[WhiteFideId "316369"]
[BlackFideId "307874"]
[PlyCount "0"]
[EventDate "2024.06.29"]

1. d4 d6 2. e4 e5 3. dxe5 dxe5 4. Qxd8+ Kxd8 5. Bc4 Be6 6. Bxe6 fxe6 7. Be3 Nf6
8. f3 Nc6 9. c3 Bd6 10. Nd2 a5 11. a4 Ke7 12. O-O-O Rhb8 13. Nc4 b5 14. Nxd6
cxd6 15. axb5 Rxb5 16. Kc2 Rab8 17. Bc1 a4 18. Ne2 Na5 19. Kd3 Nb3 20. c4 Nxc1+
21. Rxc1 Rxb2 22. Rc3 Nd7 23. Ra1 Nc5+ 24. Ke3 R8b3 25. Rxb3 Rxb3+ 26. Kd2 Rb2+
27. Kd1 Rb4 28. Rc1 Nb3 29. Rc2 Nd4 30. Nxd4 Rb1+ 31. Kd2 exd4 32. e5 dxe5
33. c5 a3 0-1

[Event "POHÁR města Říčany 2024"]
[Site "Městské kulturní středisko U labutě"]
[Date "2024.06.29"]
[Round "1.15"]
[White "Pressler, Tobias"]
[Black "Artamonov, Mikhail"]
[Result "1-0"]
[WhiteElo "2005"]
[BlackElo "1800"]
[WhiteFideId "23715359"]
[BlackFideId "23732946"]
[PlyCount "0"]
[EventDate "2024.06.29"]

1. e4 e6 2. d4 d5 3. exd5 exd5 4. Qf3 Bd6 5. Bd3 Ne7 6. Ne2 Nbc6 7. c3 Be6
8. Bf4 Bxf4 9. Nxf4 g6 10. Nd2 Qd7 11. h3 O-O-O 12. O-O-O Nf5 13. Bb5 Qd6
14. Bxc6 Qxc6 15. Kb1 Kb8 16. Nd3 Qd6 17. g3 Qb6 18. Nc5 Nd6 19. Rhe1 Rhe8
20. Ka1 Ka8 21. Nxe6 fxe6 22. Qf6 Nc8 23. f4 Qc6 24. Nf3 Nb6 25. Ng5 Nc4
26. Rxe6 Qb5 27. b3 Qa5 28. bxc4 Qxc3+ 29. Kb1 Qb4+ 30. Kc2 Qxc4+ 31. Kd2 Qxa2+
32. Ke3 Qg2 33. Re1 Qxg3+ 34. Kd2 Rg8 35. R6e3 Qf2+ 36. R1e2 Qf1 37. Ne6 Rc8
38. Nc5 Qb1 39. Rb3 Qa2+ 40. Kd3 Qa1 41. Rxb7 Qd1+ 42. Rd2 Qf1+ 43. Kc2 Qc4+
44. Kb1 Qf1+ 45. Kb2 Qe1 46. Rb8+ 1-0

[Event "POHÁR města Říčany 2024"]
[Site "Městské kulturní středisko U labutě"]
[Date "2024.06.29"]
[Round "1.16"]
[White "Grebeniuc, Alexandra"]
[Black "Petras, Milan"]
[Result "1/2-1/2"]
[WhiteElo "1800"]
[BlackElo "1977"]
[WhiteFideId "13911635"]
[BlackFideId "306665"]
[PlyCount "0"]
[EventDate "2024.06.29"]

1. e4 c6 2. d4 d5 3. exd5 cxd5 4. Bd3 Nc6 5. c3 Nf6 6. h3 e5 7. dxe5 Nxe5
8. Bb5+ Bd7 9. Bxd7+ Qxd7 10. Ne2 Bd6 11. O-O O-O 12. Qc2 Rad8 13. Bg5 Be7
14. Nd2 h6 15. Be3 a6 16. Rad1 Qc8 17. Nd4 Rfe8 18. N4f3 Nc6 19. Bb6 Rd6 20. Bc5
Re6 21. Bxe7 R8xe7 22. Nb3 Qe8 23. Nbd4 Nxd4 24. Nxd4 Re1 25. Qb3 b5 26. Nf3
Rxd1 27. Qxd1 Kf8 28. Qb3 Qc6 29. Qa3 Ne4 30. Nd4 Qd6 31. Qa5 g6 32. Nf3 Ng5
33. Nxg5 hxg5 34. a4 bxa4 35. Qxa4 Qb6 36. Qa3 Ke8 37. Qa4+ Kf8 38. Qd1 Re5
39. Qd2 Qe6 40. b4 Kg7 41. Qd4 Kh7 42. Qd2 g4 43. hxg4 1/2-1/2

[Event "POHÁR města Říčany 2024"]
[Site "Městské kulturní středisko U labutě"]
[Date "2024.06.29"]
[Round "1.17"]
[White "Pisar, Tomas"]
[Black "Rossler, Erik"]
[Result "1-0"]
[WhiteElo "1971"]
[BlackElo "1797"]
[WhiteFideId "23701501"]
[BlackFideId "23719761"]
[PlyCount "0"]
[EventDate "2024.06.29"]

1. d4 Nf6 2. Nf3 c5 3. d5 e6 4. c4 exd5 5. cxd5 d6 6. Nc3 g6 7. g3 Bg7 8. Bg2
O-O 9. O-O a6 10. a4 Re8 11. Nd2 Nbd7 12. h3 Rb8 13. Nc4 Ne5 14. Na3 Qe7 15. e4
b6 16. Re1 Bb7 17. f4 Ned7 18. Kf2 Qd8 {pro necitelnost a nesmzslnonst ukonceno}
1-0

[Event "POHÁR města Říčany 2024"]
[Site "Městské kulturní středisko U labutě"]
[Date "2024.06.29"]
[Round "1.18"]
[White "Dudkova, Josefina"]
[Black "Veverka, Vladimir"]
[Result "0-1"]
[WhiteElo "1794"]
[BlackElo "1968"]
[WhiteFideId "23712350"]
[BlackFideId "23716568"]
[PlyCount "0"]
[EventDate "2024.06.29"]

1. d4 Nf6 2. Nf3 b6 3. e3 e6 4. Bd3 Bb7 5. Nbd2 d6 6. b3 Nbd7 7. Bb2 g6 8. O-O
Bg7 9. c4 O-O 10. Rc1 e5 11. dxe5 dxe5 12. Bb1 e4 13. Ng5 Qe7 14. Qc2 Rae8
15. Bxf6 Nxf6 16. c5 Ba6 17. Rfe1 Bd3 18. Qd1 Bxb1 19. Nxb1 Rd8 20. Qc2 Nd5
21. Nxe4 Nb4 22. Qc4 Nd3 23. h3 b5 24. Qxb5 Nxe1 0-1

[Event "POHÁR města Říčany 2024"]
[Site "Městské kulturní středisko U labutě"]
[Date "2024.06.29"]
[Round "1.19"]
[White "Bezdek, Tomas"]
[Black "Kuhnmund, Ivan"]
[Result "1-0"]
[WhiteElo "1958"]
[BlackElo "1791"]
[WhiteFideId "23733551"]
[BlackFideId "393983"]
[PlyCount "0"]
[EventDate "2024.06.29"]

1. d4 Nf6 2. g3 c5 3. d5 e5 4. Bg2 d6 5. e4 b5 6. Ne2 Be7 7. O-O O-O 8. a4 b4
9. h3 a5 10. c4 h6 11. f4 exf4 12. gxf4 Ra6 13. b3 Nh7 14. Bb2 g5 15. Nd2 1-0

[Event "POHÁR města Říčany 2024"]
[Site "Městské kulturní středisko U labutě"]
[Date "2024.06.29"]
[Round "1.20"]
[White "Kubicek, Daniel"]
[Black "Korniichuk, Oleksandra"]
[Result "0-1"]
[WhiteElo "1791"]
[BlackElo "1956"]
[WhiteFideId "23718838"]
[BlackFideId "14155656"]
[PlyCount "0"]
[EventDate "2024.06.29"]

1. e4 c5 2. d4 cxd4 3. c3 d5 4. exd5 Qxd5 5. cxd4 Nc6 6. Nf3 e6 7. Nc3 Qd8
8. Bb5 Nf6 9. O-O Be7 10. Bg5 O-O 11. Re1 Nb4 12. Ne5 Nbd5 13. Qc2 a6 14. Bc4
Nb6 15. Bd3 h6 16. Bxf6 Bxf6 17. Rad1 Bd7 18. Be4 Qc7 19. Nxd7 Nxd7 20. Qd3 Nb6
21. Qf3 Rab8 22. d5 Bxc3 23. bxc3 exd5 24. Bxd5 Nxd5 25. Rxd5 Rbc8 26. Rd3 b5
27. g3 Qc4 28. Ra1 Qa4 29. Qe2 Rc7 30. Qb2 Rfc8 31. a3 Qe4 32. Qc2 Qc4 33. Rad1
g6 34. Rd6 Rc6 35. R1d4 Qc5 36. Qd2 Kg7 37. Rxc6 Rxc6 38. a4 Qxc3 39. Qf4 Qe1+
40. Kg2 Rf6 41. Qe3 Qxe3 42. fxe3 bxa4 43. Rxa4 Kf8 44. e4 Ke7 45. Ra5 Kd7
46. Kh3 Kc7 47. Kg4 Kb6 48. Ra1 a5 49. Rb1+ Ka6 50. Ra1 Kb5 51. Rb1+ Kc4 52. Ra1
Ra6 53. Kf4 a4 0-1

[Event "POHÁR města Říčany 2024"]
[Site "Městské kulturní středisko U labutě"]
[Date "2024.06.29"]
[Round "1.21"]
[White "Sedlak, Milan"]
[Black "Petrasek, Jiri"]
[Result "1-0"]
[WhiteElo "1953"]
[BlackElo "1788"]
[WhiteFideId "23746149"]
[BlackFideId "23735880"]
[PlyCount "0"]
[EventDate "2024.06.29"]

1. Nf3 Nf6 2. g3 Nc6 3. Bg2 e5 4. d3 d5 5. O-O Bd6 6. Nbd2 O-O 7. c4 Be6 8. Ng5
Ne7 9. Nxe6 fxe6 10. Bh3 Nf5 11. cxd5 Nd7 12. Bg2 exd5 13. Bxd5+ Kh8 14. Bxb7
Rb8 15. Bg2 Bc5 16. Nc4 Qe8 17. e3 Nb6 18. Na5 a6 19. Nc6 Rc8 20. b4 Bd6 21. Bb2
Nd7 22. Qa4 Rf6 23. a3 Ne7 24. Qxa6 Nxc6 25. Bxc6 Qd8 26. Qc4 Nb6 27. Qc2 Rh6
28. d4 exd4 29. Bxd4 Qg5 30. f4 Qh5 31. Bf3 Qh3 32. Qe2 Qe6 33. Rfc1 Rf8 34. b5
Qb3 35. Qb2 Qd3 36. Bxg7+ Kg8 37. Bxh6 1-0

[Event "POHÁR města Říčany 2024"]
[Site "Městské kulturní středisko U labutě"]
[Date "2024.06.29"]
[Round "1.22"]
[White "Meca, Viktor"]
[Black "Vysinsky, Otakar"]
[Result "0-1"]
[WhiteElo "1786"]
[BlackElo "1941"]
[WhiteFideId "23739800"]
[BlackFideId "23719818"]
[PlyCount "0"]
[EventDate "2024.06.29"]

1. e4 e5 2. Nf3 Nc6 3. Bb5 a6 4. Ba4 Nf6 5. O-O Be7 6. c3 Nxe4 7. Re1 Nf6
8. Nxe5 Nxe5 9. Rxe5 O-O 10. d4 d5 11. Bg5 Be6 12. Nd2 c6 13. Bc2 Qc7 14. h3
Rfe8 15. Qf3 Nd7 0-1

[Event "POHÁR města Říčany 2024"]
[Site "Městské kulturní středisko U labutě"]
[Date "2024.06.29"]
[Round "1.23"]
[White "Jakubse, Tamae Severina"]
[Black "Gacho, Ondrej"]
[Result "1/2-1/2"]
[WhiteElo "1935"]
[BlackElo "1765"]
[WhiteFideId "23745975"]
[BlackFideId "23718102"]
[PlyCount "0"]
[EventDate "2024.06.29"]

1. e4 b6 2. d4 e6 3. a3 Bb7 4. Nc3 Nf6 5. Bd3 c5 6. Be3 cxd4 7. Bxd4 Nc6 8. Be3
d5 9. exd5 Nxd5 10. Nxd5 Qxd5 11. Qf3 Nd4 12. Qxd5 Bxd5 13. Ne2 Bxg2 14. Nxd4
Bxh1 15. Bb5+ Ke7 16. f3 Bg2 17. Kf2 Bh3 18. Nc6+ Kf6 19. Bd4+ Kg5 20. Kg3 Bf5
21. f4+ Kh5 22. Ne5 f6 23. Nf7 Kg6 24. Nxh8+ Kh6 25. Bc6 Rb8 26. Nf7+ 1/2-1/2

[Event "POHÁR města Říčany 2024"]
[Site "Městské kulturní středisko U labutě"]
[Date "2024.06.29"]
[Round "1.24"]
[White "Hampel, Rudolf"]
[Black "Rajnys, Vladimir"]
[Result "0-1"]
[WhiteElo "1765"]
[BlackElo "1928"]
[WhiteFideId "323853"]
[BlackFideId "308200"]
[PlyCount "0"]
[EventDate "2024.06.29"]

1. e4 c5 2. Nc3 Nc6 3. g3 g6 4. Bg2 Bg7 5. f4 e6 6. Nf3 Nge7 7. O-O d6 8. d3
Qd7 9. Be3 b6 10. d4 Ba6 11. Re1 cxd4 12. Nxd4 O-O 13. Qd2 Rfd8 14. Rad1 Na5
15. Qf2 Rac8 16. Nb1 Bb7 17. c3 d5 18. e5 Nc4 19. b3 Nxe3 20. Qxe3 b5 21. Rd2
Rc7 22. Nf3 Rdc8 23. Rc1 Bf8 24. h3 a6 25. Nh2 Nc6 26. Ng4 Be7 27. Kh2 Qd8
28. Kg1 b4 29. Nf2 bxc3 30. Rxc3 Bb4 31. Rdc2 Bxc3 32. Rxc3 Nxe5 33. Rxc7 Qxc7
34. Qxe5 Qa5 35. Qe3 Qc3 0-1

[Event "POHÁR města Říčany 2024"]
[Site "Městské kulturní středisko U labutě"]
[Date "2024.06.29"]
[Round "1.25"]
[White "Svoboda, Daniel"]
[Black "Gernert, Tomas"]
[Result "1-0"]
[WhiteElo "1922"]
[BlackElo "1745"]
[WhiteFideId "23718684"]
[BlackFideId "23750219"]
[PlyCount "0"]
[EventDate "2024.06.29"]

1. e4 c5 2. c3 d5 3. exd5 Qxd5 4. d4 Nc6 5. Nf3 e6 6. Be3 cxd4 7. cxd4 Nf6
8. Be2 Bb4+ 9. Nc3 Ne4 10. Qc2 Qa5 11. Rc1 Nf6 12. O-O O-O 13. Rfd1 Bd7 14. Bg5
Nd5 15. Ne4 Rac8 16. Qb3 Qb6 17. a3 Be7 18. Qxb6 Nxb6 19. Bxe7 Nxe7 20. Nc5 Bc6
21. Ne5 Bd5 22. a4 Nc6 23. Nxc6 Bxc6 24. Bb5 Bxb5 25. axb5 Rc7 26. Ra1 Ra8
27. Rd3 Nd7 28. h3 Nxc5 29. dxc5 Rxc5 30. Rxa7 Rcc8 31. Rxb7 Rab8 32. Rc3 Kf8
33. Rxb8 Rxb8 34. Rc5 Ke7 35. Kf1 Kd6 36. b4 Rb6 37. Ke2 e5 38. Kd3 f5 39. Kc4
g6 40. Rd5+ Ke6 41. Rd8 Rb7 42. Rd5 Rc7+ 43. Rc5 Kd6 44. b6 Rxc5+ 45. bxc5+ Kc6
46. Kd3 h6 47. g4 h5 48. f3 hxg4 49. hxg4 Kb7 50. Ke3 Kc6 51. Kf2 Kb7 52. Kg3
Kc6 53. gxf5 gxf5 54. Kh4 f4 55. Kg4 Kb7 56. Kf5 e4 57. Kxe4 1-0